|
|
|
|
| LEADER |
00998nam a2200217 a 4500 |
| 001 |
6231569 |
| 008 |
091223s1979 nyuab b i00010 engmd |
| 040 |
|
|
|a HOU
|c HOU
|d m.c.
|d BOS
|d BD-DhAAL
|
| 082 |
0 |
0 |
|a 307/.14
|2 19
|
| 110 |
2 |
0 |
|a DHV Consulting Engineers
|
| 245 |
1 |
0 |
|a Guidelines for rural centre planning /
|c [prepared for] Economic and Social Commission for Asia and the Pacific [by DHV Consulting Engineers]
|
| 260 |
|
|
|a New York :
|b United Nations,
|c 1979
|
| 300 |
|
|
|a 367 p. :
|b ill., maps ;
|c 24 cm
|
| 504 |
|
|
|a Includes bibliography: p. 365-367
|
| 541 |
1 |
|
|e 00001072
|
| 651 |
|
0 |
|a Rural development
|
| 651 |
|
0 |
|a Regional planning
|z Developing countries
|
| 710 |
2 |
0 |
|a United Nations.
|b Economic and Social Commission for Asia and the Pacific
|
| 852 |
4 |
|
|a Ayesha Abed Library
|j General Shelf.
|
| 999 |
|
|
|c 7252
|d 7252
|
| 952 |
|
|
|0 0
|1 0
|2 ddc
|4 0
|6 307_140000000000000_GUI_1979
|7 0
|9 7581
|a BRACUL
|b BRACUL
|c GEN
|d 2010-01-28
|g 0.00
|l 0
|o 307.14 GUI
|p 3010001072
|r 2010-01-28
|t 1
|w 2010-01-28
|y BK
|z Not price in Register
|